Foundations of financial risk : (Record no. 22826)
[ view plain ]
| 000 -LEADER | |
|---|---|
| fixed length control field | 00924nam a22002535a 4500 |
| 008 - FIXED-LENGTH DATA ELEMENTS--GENERAL INFORMATION | |
| fixed length control field | 161024t2015 njua frd 001 0 eng d |
| 020 ## - INTERNATIONAL STANDARD BOOK NUMBER | |
| International Standard Book Number | 9781119098058 |
| 040 ## - CATALOGING SOURCE | |
| Original cataloging agency | EG-ScBUE |
| Language of cataloging | eng |
| Transcribing agency | EG-ScBUE |
| 082 04 - DEWEY DECIMAL CLASSIFICATION NUMBER | |
| Edition number | 22 |
| Classification number | 332.10681 |
| Item number | APO |
| 100 1# - MAIN ENTRY--PERSONAL NAME | |
| Personal name | Apostolik, Richard. |
| 9 (RLIN) | 32823 |
| 245 10 - TITLE STATEMENT | |
| Title | Foundations of financial risk : |
| Remainder of title | an overview of financial risk and risk-based financial regulation / |
| Statement of responsibility, etc | Richard Apostolik, Christopher Donohue. |
| 260 ## - PUBLICATION, DISTRIBUTION, ETC. (IMPRINT) | |
| Place of publication, distribution, etc | Hoboken : |
| Name of publisher, distributor, etc | John Wiley & Sons, Inc., |
| Date of publication, distribution, etc | c.2015. |
| 300 ## - PHYSICAL DESCRIPTION | |
| Extent | xxvi, 340 p. : |
| Other physical details | ill. ; |
| Dimensions | 25 cm. |
| 490 0# - Series Statement | |
| Series statement | Wiley Finance Series |
| 500 ## - GENERAL NOTE | |
| General note | Index : p. 329-340. |
| 500 ## - GENERAL NOTE | |
| General note | Glossary : p. 311-328. |
| 590 ## - LOCAL NOTE (RLIN) | |
| Local note | Suzan Ashmawy, revised by Rahma Essa. |
| 650 #7 - SUBJECT ADDED ENTRY--TOPICAL TERM | |
| Source of heading or term | BUEsh |
| Topical term or geographic name as entry element | Risk management. |
| General subdivision | Law and legislation. |
| 650 #7 - SUBJECT ADDED ENTRY--TOPICAL TERM | |
| Source of heading or term | BUEsh |
| Topical term or geographic name as entry element | Banking law. |
| 651 ## - SUBJECT ADDED ENTRY--GEOGRAPHIC NAME | |
| Source of heading or term | BUEsh |
| 653 ## - INDEX TERM--UNCONTROLLED | |
| Resource For college | BAEPS, Economics |
| Arrived date list | October2016 |
| -- | November2016 |
| 700 1# - ADDED ENTRY--PERSONAL NAME | |
| Personal name | Donohue, Christopher. |
| 9 (RLIN) | 32824 |
| 942 ## - ADDED ENTRY ELEMENTS (KOHA) | |
| Source of classification or shelving scheme | Dewey Decimal Classification |
| Withdrawn status | Item status | Source of classification or shelving scheme | Damaged status | Not for loan | Vendor | Home library | Current library | Shelving location | Date acquired | Source of acquisition | Cost, normal purchase price | Serial Enumeration / chronology | Total Checkouts | Full call number | Barcode | Date last seen | Cost, replacement price | Koha item type |
|---|---|---|---|---|---|---|---|---|---|---|---|---|---|---|---|---|---|---|
| Dewey Decimal Classification | Academic Bookshop | Central Library | Central Library | First floor | 24/10/2016 | Purchase | 798.00 | 9154 | 332.10681 APO | 000045145 | 15/07/2025 | 997.00 | Book - Borrowing |